| 000 | 01382cam0 2200349 ib4500 | ||
|---|---|---|---|
| 001 | BY-MI0004-br39566 | ||
| 005 | 20260319112116.0 | ||
| 010 |
^a978-5-353-10131-4 ^d10 р.11 к. |
||
| 035 | ^a(BY-MI0004)BY-MI0004-br39566 | ||
| 100 | ^a20230328d2022 c y0rusy50 ca | ||
| 101 | 0 | ^arus | |
| 102 | ^aRU | ||
| 105 | ^ay z 000fy | ||
| 109 | ^ama | ||
| 200 | 1 |
^aЗаписки охотника ^aМу-му ^e[рассказы для младшего и среднего школьного возраста] ^fИван Тургенев ^gхудожник: Анатолий Иткин |
|
| 210 |
^aМосква ^cРОСМЭН ^d2022 |
||
| 215 |
^a221, [2] с. ^d20 см |
||
| 225 | 1 | ^aВнеклассное чтение | |
| 333 | ^a6 + | ||
| 345 | ^912 000 экз. | ||
| 606 |
^aРАССКАЗЫ ^3BY-NLB-ar2670465 ^2DVNLB |
||
| 606 |
^aРУССКАЯ ЛИТЕРАТУРА ^3BY-NLB-ar28702 ^2DVNLB |
||
| 606 |
^aПРОЗА ^3BY-NLB-ar64029 ^2DVNLB |
||
| 610 | 0 | ^aРУССКАЯ ЛИТЕРАТУРА | |
| 686 |
^a84(2Рос)5 ^2rubbk |
||
| 690 |
^a1 ^2Base ^9BY-MI0004 ^xRSEK |
||
| 700 | 1 |
^aТургенев ^bИ. С. ^gИван Сергеевич ^3BY-SEK-ar10011950 |
|
| 702 | 1 |
^aИткин ^bА. ^3BY-SEK-199289 |
|
| 801 | 0 |
^c20230328 ^aBY ^bBY-MI0004 ^gpsbo |
|
| 899 |
^aBY-MI0004 ^h84(2Рос)5 ^iТ 87 |
||